|
|
|
|
| LEADER |
00926nam a22002532a 4500 |
| 001 |
000194111 |
| 003 |
CZ BrMZK |
| 005 |
20140604112937.0 |
| 007 |
ta |
| 008 |
010907s1964 xr f fre d |
| 015 |
|
|
|a cnb000482298
|
| 035 |
|
|
|a (OCoLC)42119008
|
| 040 |
|
|
|a BOA001
|b cze
|c BOA001
|
| 041 |
1 |
|
|a fre
|a cze
|
| 100 |
1 |
|
|a Tichý, Ota
|7 jk01132438
|4 aut
|
| 245 |
1 |
0 |
|a Příručka ke kursu francouzštiny, vydanému na dlouhohrajících deskách objednacích čísel DM 15076-79 C /
|c kurs vypracoval Ota Tichý
|
| 250 |
|
|
|a 3. vyd.
|
| 260 |
|
|
|a Praha :
|b Státní hudební vydavatelství,
|c 1964
|
| 300 |
|
|
|a 191 s.
|
| 490 |
1 |
|
|a Edice kulturně osvětového odboru ;
|v sv. 122
|
| 830 |
|
0 |
|a Edice kulturně osvětového odboru Státního hudebního vydavatelství
|0 s
|
| 910 |
|
|
|a BOA001
|b 2-0447.337-64
|
| 990 |
|
|
|a BK
|
| 996 |
7 |
|
|b 2619932458
|c 2-0447.337-64
|l MZK
|r Sklad / do 24 hodin
|n 0
|w 000194111
|u 000010
|a 1
|e BOA001
|j MZK50
|s A
|